Research : On the academically talented student (Record no. 66882)

MARC details
000 -LEADER
fixed length control field 00403nam a2200145Ia 4500
005 - DATE AND TIME OF LATEST TRANSACTION
control field 20240821152230.0
008 - FIXED-LENGTH DATA ELEMENTS--GENERAL INFORMATION
fixed length control field 240821s9999||||xx |||||||||||||| ||und||
082 ## - DEWEY DECIMAL CLASSIFICATION NUMBER
Classification number 371.95 AND
100 ## - MAIN ENTRY--PERSONAL NAME
Personal name Anderson, Kenneth E.
245 #0 - TITLE STATEMENT
Title Research : On the academically talented student
260 ## - PUBLICATION, DISTRIBUTION, ETC.
Place of publication, distribution, etc. Washington
Name of publisher, distributor, etc. National Education Association
Date of publication, distribution, etc. 1961
300 ## - PHYSICAL DESCRIPTION
Extent 92p
650 ## - SUBJECT ADDED ENTRY--TOPICAL TERM
Topical term or geographic name entry element Special Education
942 ## - ADDED ENTRY ELEMENTS (KOHA)
Koha item type Book
Holdings
Withdrawn status Lost status Damaged status Not for loan Home library Current library Date acquired Total checkouts Barcode Date last seen Price effective from Koha item type
        Library and Documentation Division NCERT Library and Documentation Division NCERT 08/21/2024   49715 08/21/2024 08/21/2024 Book